00510nam a2200133Ia 4500008004100000100002000041245004800061245011200109260005300221260001800274300000800292650001500300856006100315170221s9999 xx 000 0 und d aSergey Dmitriev aInnovation, Economic Growth and Inequality  cSergey Dmitriev, Mikhail Drigo, Valentina Kalinicheva, Elena Shadoba, Marina Ozherelieva, Irina Matyushkina bInternational Review of Management and Marketing cDecember 2014 a6:2 xMarketing. uhttp://www.econjournals.com/index.php/irmm/issue/view/70